Geography of Connecticut - Statistics

General Stats
  • This quiz has been taken 177 times
  • The average score is 12 of 20
Answer Stats
Hint Answer % Correct
What is the state capital of Connecticut? Hartford
100%
What region that includes 6 U.S. states is Connecticut part of? New England
96%
What Ivy League university is located in Connecticut? Yale
96%
What are Connecticut's three most populous cities? New Haven
89%
What are Connecticut's three most populous cities? Bridgeport
85%
What large tidal estuary makes up most of the Connecticut coast? {Long} {Island} Sound
77%
What is the longest river in Connecticut? Connecticut
72%
What are Connecticut's three most populous cities? Stamford
65%
What is Connecticut's official state nickname? The {Constitution} State
65%
What town is famous for its hedge funds? Greenwich
64%
What is the nickname of the above city? {Insurance} Capital of the World
56%
What is the largest maritime museum in the United States? {Mystic} Seaport
53%
What village within the town of Mansfield is home to the University of Connecticut? Storrs
50%
What county makes up Connecticut's southwestern panhandle? Fairfield
48%
What is the state animal of Connecticut? (hint: not a land animal) Sperm Whale
43%
What city is nicknamed "Brass City" due to its manufacturing industry? Waterbury
42%
What is the busiest international airport in Connecticut? Bradley
37%
What hilly region is located in the northwest of Connecticut? {Litchfield} Hills
26%
What is the second-longest river in Connecticut? Housatonic
25%
What river flows from Norwich to New London? Thames River
22%
No matching quizzes found
Score Distribution
Percent of People with Each Score
Percentile by Number Answered
Your Score History
You have not taken this quiz